An introduction to counselling

Guardat en:
Dades bibliogràfiques
Autor principal: MCLEOD, John
Format: Llibre
Idioma:anglès
Publicat: McGraw Hill Education 2013
Etiquetes: Afegir etiqueta
Sense etiquetes, Sigues el primer a etiquetar aquest registre!

MARC

LEADER 00000nam a2200000 4500
008 201207b ||||| |||| 00| 0 eng d
020 |a ISBN: 978-0335-24722-6 
100 |a MCLEOD, John 
245 |a An introduction to counselling  |g xxv; 750p 
250 |b 5th ed. 
260 |b  McGraw Hill Education  |c 2013  |h Berkshire  |i 690937 – Edu  |i 690938   |l  BF637 M2  |m Counselling  |m Personal Coaching  |m Helping behaviour 
942 |a lcc  |c BK  |e Oagoke, M A  |f 07/12/2020 
952 |0 0  |1 0  |2 lcc  |4 0  |7 0  |9 159  |a HOL  |b HOL  |c AF  |d 2020-12-07  |o BF637 M22  |p 2020-0102  |r 2020-12-07 00:00:00  |w 2020-12-07  |y BK 
952 |0 0  |1 0  |2 lcc  |4 0  |7 0  |9 160  |a HOL  |b ED  |c AF  |d 2020-12-07  |o BF637 M22  |p 2020-0105  |r 2020-12-07 00:00:00  |w 2020-12-07  |y BK 
999 |c 51  |d 51